Kivelän terveysaseman hoitohenkilökunta ja huonenumerot - Statistics

Yleistilastot
  • Tätä visaa on pelattu 17 kertaa
    5 viimeisimmän päivityksen jälkeen
  • Keskiarvotulos 3 / 69
Vastaustilastot
Nimi Huonenumero % Oikein
Ahlgren Iiris 308
40%
Varmavuori Lauri 311
40%
Seifert Pirkko 315
40%
Lehti Tuuli 333
40%
Hemminki Pekka 120
20%
Jahromi Behnam Rezai 127
20%
Verho Anastasiya 301
20%
Häkkinen Jaana 305
20%
Haikara Anna 306
20%
Dyson Marita 307
20%
Stenqvist Pauliina 309
20%
Rouhunkoski Hanna 320
20%
Päivystävä Lääkäri 101, 110
0%
Päivystävä Hoitaja 102, 109
0%
Stenson Elena 105
0%
Ristimäki Fiinu 106
0%
Sarkola Satu 107
0%
Ihomuutos 111,113
0%
Katajainen Minna 112
0%
Saarinen Anton 114
0%
Rautio Tiina 115
0%
haavahoito 116
0%
Jaatinen Roosa 117
0%
Tilander Satu 117
0%
Plotnikova Alesja 118
0%
Alvar Martti 119
0%
Pietilä Saara 122
0%
Laitinen Mikko 124
0%
Jaakola Heini 125
0%
Pylkkö Mirjam 126
0%
Poti Annmari 128
0%
Infektiopoli 129-135
0%
Azemi Dita 201
0%
Berg Senja 201
0%
Eskelinen Henna 202
0%
Kähkönen Eija 203
0%
Karjalainen Siiri 204
0%
Saarelainen Laura 205
0%
Satukangas Mirka 205
0%
Niemi Aino 206
0%
Paatela Hanna 207
0%
Kauppinen Johanna 208
0%
Jokinen Christina 209
0%
Hyrsylä Heli 302
0%
Piha Ulla 302
0%
Väisänen Maria 303
0%
Myöhänen Elsi 304, 414
0%
Niinivaara Satu-Anna 304, 414
0%
Karijärv Katri 307
0%
Siirilä Meri-Heini 308
0%
Evangelista Stephanie 310
0%
Uotila Ilmari 312
0%
Seppänen Tiina 313
0%
Eskola Henna 317
0%
Järvinen Suvi 318
0%
Iines Sillmann 319
0%
Laitinen Laura 319
0%
Eksymä Virpi 321
0%
Anttila Marleena 322
0%
Helander Anniina (Sini) 323
0%
Koskela Noora 324
0%
Toimenpiteet, Kierukka, Kryo 325, 111
0%
Alinen Anna 326
0%
Pajarinen Tea 326
0%
Lehti Henna 327
0%
Lindroos Ada 329
0%
Lahti Miikka 330
0%
Kämä Hanna-Riikka 331
0%
Järvinen Nelli 332
0%
Ehtoja vastaavia visoja ei löytynyt
Tulosjakauma
Jokaisen tuloksen saaneiden osuus
Persentiili vastausten määrän mukaan
Tuloshistoriasi
Et ole pelannut tätä visaa sen viimeisimmän päivityksen jälkeen